| 000 | 00705nam a22002057a 4500 | ||
|---|---|---|---|
| 999 |
_c17095 _d17095 |
||
| 003 | AR-CdUCM | ||
| 008 | 190507b ||||| |||| 00| 0 spa d | ||
| 040 |
_aMUNICIPALIDAD PROVINCIAL DEL CUSCO _cBIBLIOTECA MUNICIPAL DEL CUSCO |
||
| 082 |
_a848.9 / _bCH23 |
||
| 100 |
_aCharruau, Juan _936928 |
||
| 245 |
_aUna familia de bandidos : _ben 1793 relato de una abuela / |
||
| 260 |
_aMéxico, D.F. : _bNacional, _c1970. |
||
| 300 |
_a377 páginas ; _c18 cm. |
||
| 505 | _aContenido. Antes de la tempestad -- Dios y el rey -- Victimas y verdugos -- Lagrimas y sonrisas. | ||
| 650 |
_aLiteratura _983 |
||
| 650 |
_aRelatos _9195 |
||
| 650 |
_aCuentos _9217 |
||
| 942 |
_2ddc _cLIBROS |
||
| 945 |
_aacv _d2019-05-07 |
||